[Event "ZH-2012-0-00718"]
[Site "LSS email"]
[Date "2012.02.20"]
[Round "?"]
[White "Pascual Perez, Norge"]
[Black "Sokolov, Viktor"]
[Result "1-0"]
[WhiteElo "2320"]
[BlackElo "2300"]
[PlyCount "55"]
[EventDate "2012.02.14"]
[EventType "match (corr)"]
[EventRounds "2"]
[EventCountry "GER"]
[SourceTitle "Telechess CBM 155"]
[Source "ChessBase"]
[SourceDate "2013.07.16"]
[SourceVersion "1"]
[SourceVersionDate "2013.07.16"]
[SourceQuality "1"]

1. Nf3 Nf6 2. c4 g6 3. Nc3 Bg7 4. e4 d6 5. d4 0-0 6. h3 e5 7. d5 Nbd7 8. Bg5 a5 9. Nd2 h6 10. Be3 Nc5 11. Be2 c6 12. a3 Bd7 13. b4 axb4 14. axb4 Na6 15. Qb3 c5 16. bxc5 Nxc5 17. Rxa8 Qxa8 18. Bxc5 dxc5 19. 0-0 Rb8 20. Qb2 Qa5 21. Ra1 Qb4 22. Qc2 Qb6 23. Qb3 Qb4 24. Ra3 Ne8 25. Qa2 Qb6 26. Bd1 Nd6 27. Ba4 Bc8 28. Bb5 1-0

[Event "ZH-2012-0-00710"]
[Site "LSS email"]
[Date "2012.02.05"]
[Round "?"]
[White "Liamtsau, Valery"]
[Black "Sokolov, Viktor"]
[Result "1-0"]
[WhiteElo "2194"]
[BlackElo "2300"]
[PlyCount "81"]
[EventDate "2012.01.31"]
[EventType "match (corr)"]
[EventRounds "2"]
[EventCountry "GER"]
[SourceTitle "Telechess CBM 153"]
[Source "ChessBase"]
[SourceDate "2013.03.14"]
[SourceVersion "1"]
[SourceVersionDate "2013.03.14"]
[SourceQuality "1"]

1. e4 c5 2. Nf3 Nc6 3. Bb5 Nf6 4. Nc3 g6 5. e5 Ng4 6. Bxc6 dxc6 7. h3 Nh6 8. g4 Bg7 9. d3 0-0 10. Qe2 f5 11. g5 Nf7 12. h4 f4 13. e6 Nd6 14. h5 Nf5 15. Bxf4 Nd4 16. Qe4 Nxc2+ 17. Kf1 Qe8 18. Rc1 Nb4 19. Ne2 gxh5 20. Nh4 Qd8 21. g6 h6 22. Rxc5 b6 23. Rf5 Qxd3 24. Rxf8+ Kxf8 25. Qxb4 Ba6 26. Qd2 Qb1+ 27. Kg2 Qe4+ 28. f3 Qxe2+ 29. Qxe2 Bxe2 30. Nf5 Bc4 31. Rxh5 Bxe6 32. Bxh6 Bxf5 33. Rxf5+ Kg8 34. Bxg7 Kxg7 35. Rf7+ Kxg6 36. Rxe7 Rd8 37. Kg3 Rd2 38. Rxa7 Rxb2 39. a4 Kf5 40. Rc7 b5 41. a5 1-0

[Event "OP-2012-0-02048"]
[Site "LSS email"]
[Date "2012.02.05"]
[Round "?"]
[White "Sokolov, Viktor"]
[Black "Hammerschmidt, Volker"]
[Result "1-0"]
[WhiteElo "2300"]
[BlackElo "1742"]
[PlyCount "93"]
[EventDate "2012.02.02"]
[EventType "tourn (corr)"]
[EventRounds "4"]
[EventCountry "GER"]
[SourceTitle "Telechess CBM 153"]
[Source "ChessBase"]
[SourceDate "2013.03.14"]
[SourceVersion "1"]
[SourceVersionDate "2013.03.14"]
[SourceQuality "1"]

1. e4 e6 2. d4 d5 3. Nd2 a6 4. Ngf3 c5 5. exd5 exd5 6. Be2 c4 7. 0-0 Bd6 8. b3 b5 9. a4 Bb7 10. bxc4 bxc4 11. Bxc4 dxc4 12. Nxc4 Be7 13. Rb1 Bd5 14. Nb6 Nf6 15. Nxa8 Bxa8 16. Bf4 Nbd7 17. Re1 0-0 18. Qe2 Nh5 19. Bd2 Bd6 20. Qxa6 Qf6 21. Qd3 Nf4 22. Bxf4 Qxf4 23. Qd2 Qg4 24. h3 Qg6 25. Qe2 Bc7 26. c4 Ba5 27. Rec1 Be4 28. Rb5 Bc7 29. Re1 Bc6 30. Rb3 Ba5 31. Ra1 Qd6 32. Re3 Nf6 33. d5 Bb7 34. Rb1 Bc8 35. Qb2 Bf5 36. Rc1 Bd7 37. c5 Qxd5 38. c6 Bc8 39. c7 Qd6 40. Qe5 Qd5 41. Qxd5 Nxd5 42. Re5 Nc3 43. Rc2 Bb4 44. Rd2 f6 45. Re3 Nxa4 46. Rd8 Nb6 47. Rb3 1-0

[Event "OP-2012-0-02041"]
[Site "LSS email"]
[Date "2012.02.02"]
[Round "?"]
[White "Aydin, Cagakan"]
[Black "Sokolov, Viktor"]
[Result "0-1"]
[WhiteElo "1555"]
[BlackElo "2300"]
[PlyCount "42"]
[EventDate "2012.01.30"]
[EventType "tourn (corr)"]
[EventRounds "4"]
[EventCountry "GER"]
[SourceTitle "Telechess CBM 155"]
[Source "ChessBase"]
[SourceDate "2013.07.16"]
[SourceVersion "1"]
[SourceVersionDate "2013.07.16"]
[SourceQuality "1"]

1. e4 c5 2. Nf3 Nc6 3. d4 cxd4 4. Nxd4 Nf6 5. Nc3 e5 6. Ndb5 d6 7. Bg5 a6 8. Na3 b5 9. Nd5 Be7 10. Bxf6 Bxf6 11. c3 0-0 12. Be2 Bg5 13. g4 Bb7 14. Qd3 Ne7 15. Nxe7+ Qxe7 16. Bf3 Rad8 17. Nc2 Rfe8 18. h4 d5 19. hxg5 dxe4 20. Qe3 exf3 21. Rd1 Qe6 0-1

[Event "OP-2012-0-02041"]
[Site "LSS email"]
[Date "2012.02.01"]
[Round "?"]
[White "Sokolov, Viktor"]
[Black "Malyszek, Tomasz"]
[Result "1-0"]
[WhiteElo "2300"]
[BlackElo "953"]
[PlyCount "35"]
[EventDate "2012.01.30"]
[EventType "tourn (corr)"]
[EventRounds "4"]
[EventCountry "GER"]
[SourceTitle "Telechess CBM 157"]
[Source "ChessBase"]
[SourceDate "2013.11.12"]
[SourceVersion "1"]
[SourceVersionDate "2013.11.12"]
[SourceQuality "1"]

1. e4 e5 2. Nf3 d6 3. d4 exd4 4. Nxd4 Nf6 5. Nc3 Be7 6. Bf4 0-0 7. Qd2 c5 8. Ndb5 Re8 9. 0-0-0 a6 10. Nxd6 Bxd6 11. Qxd6 Qxd6 12. Bxd6 Ng4 13. Bxc5 Nc6 14. Nd5 Rd8 15. f3 Nh6 16. Nb6 Rb8 17. Rxd8+ Nxd8 18. Bd6 1-0